Les Buteurs Français en demi-finale de Coupe du Monde - Statistiques

Statistiques générales
  • Ce quiz a été pris 385 fois
    196 depuis la dernière actualisation
  • Le résultat moyen est 7 sur 10
Statistiques - réponses
Réponse % Correct
Zinédine Zidane
95%
Samuel Umtiti
94%
Lilian Thuram (x2)
89%
Michel Platini
86%
Just Fontaine
85%
Randal Kolo Muani
79%
Théo Hernandez
74%
Alain Giresse
45%
Marius Trésor
44%
Roger Piantoni
19%
Aucun quiz correspondant
Distribution des résultats
% des personnes avec chaque résultat
Percentile par nombre de réponses
Votre historique - résultats
Vous n’avez pas pris ce quiz depuis la dernière actualisation